El recurso en el enjuiciamiento criminal espaǫl

Detalles Bibliográficos
Autor principal: Yę̀z Velasco , Ricardo
Formato: Desconocido
Lenguaje:español
Publicado: Barcelona : Atelier, 2001
Materias:
Acceso en línea:Acceso restringido

MARC

LEADER 00000ny a22000003n 4500
005 20110603151419.0
008 080609s2001 sp s 000 0 spa
020 |a 8495458225 
035 |a 624 
040 |a UMA.RE  |d vLex 
080 |a 343.1:347.955(460)(0.034) 
080 |a 347.955:343.1(460)(0.034) 
090 |c 458  |d 458 
100 1 |a Yę̀z Velasco , Ricardo 
245 1 3 |a El recurso en el enjuiciamiento criminal espaǫl  |h [Recurso electrn̤ico]  |c Ricardo Yę̀z Velasco 
256 |a Servicio en ln̕ea 
260 |a Barcelona :  |b Atelier,  |c 2001 
506 1 |a Contenido solo disponible en los productos indicados  |d vLex Global  |d vLex Global (Academic Edition, excluding Law Schools)  |d vLex Global (U.S. Academic Edition, Law Schools)  |d vLex Global (U.S. Academic Edition, excluding Law Schools)  |d vLex Global (Academic Edition, Law Schools) 
650 0 7 |a Recursos  |2 Tesauro vLex 
650 0 7 |a Ley de enjuiciamiento criminal  |2 Tesauro vLex 
650 0 7 |a Procesal  |2 Tesauro vLex 
650 0 7 |a Recursos procesales  |2 Tesauro vLex 
650 0 7 |a Proceso penal  |2 Tesauro vLex 
740 0 |a vLex Libros (Servicios en ln̕ea) 
856 4 0 |u http://vlex.com/source/624  |z Acceso restringido 
942 |c BOOK 
999 0 |a Procedure (Law)  |b Barcelona